LEADER 04715 am 2200985 n 450 001 9910416502303321 005 20200602 010 $a2-11-162087-4 024 7 $a10.4000/books.igpde.11108 035 $a(CKB)4100000011273872 035 $a(FrMaCLE)OB-igpde-11108 035 $a(oapen)https://directory.doabooks.org/handle/20.500.12854/48055 035 $a(PPN)248497715 035 $a(EXLCZ)994100000011273872 100 $a20200602j|||||||| ||| 0 101 0 $afre 135 $auu||||||m|||| 181 $ctxt$2rdacontent 182 $cc$2rdamedia 183 $acr$2rdacarrier 200 10$aFraudes, frontières et territoires (XIIIe-XXIe siècle) /$fBéatrice Touchelay 210 $aParis $cInstitut de la gestion publique et du développement économique$d2020 215 $a1 online resource (384 p.) 311 $a2-11-129455-1 330 $aLa fraude est ici appréhendée dans toutes ses dimensions, spatiales, temporelles, politiques, économiques, juridiques et sociales. Ce livre est le résultat d?un vaste programme de recherches internationales et entend surtout éclairer les relations entre fraudes et territoires. La porosité des frontières politiques ou « naturelles » ? mais chaque frontière est artificielle ? délimite avant tout une géographie des contournements. Placée dans une perspective de longue durée, car le phénomène de la fraude est ancestral, la fraude se sert des difficultés, voire de l?absence de volonté, des États à contrôler tous les flux ou plutôt les marges. La fraude est une activité économique, par définition mal connue, qui, dans certaines circonstances (guerre, occupation, pénurie?) prend une place prédominante dans la vie quotidienne des populations. Elle peut aussi devenir une question de survie. Les règles juridiques et légales, qu?elles soient douanières ou fiscales, induisent des comportements frauduleux qui proviennent parfois de traditions commerciales préexistantes aux normes étatiques. Enfin, la fraude, malgré ses dangers, fait vivre les fraudeurs et engendre des corps de contrôle. Du Tonkin à la Guadeloupe, en passant par l?Empire espagnol et le Benelux, de Marseille à Londres, en passant par Newport, Calais, Lille, Anvers, le Dauphiné ou encore l?Anjou, les textes de cet ouvrage pluridisciplinaire offrent un vaste panorama des modalités et des acteurs de la fraude. Ils soulignent à la fois les constantes et la diversité des trafics illicites (denrées alimentaires, armes, brevets, sel, monnaies...) dans le monde depuis le XIIIe siècle. 517 $aFraudes, frontières et territoires 517 $aFraudes, frontières et territoires 606 $aEconomics 606 $aHistory 606 $adouane 606 $aéconomie 606 $aeurope 606 $afinances 606 $afraude 606 $arelations internationales 606 $apolitique économique 606 $asociété 606 $alégislation 610 $arelations internationales 610 $asociété 610 $alégislation 610 $afraude 610 $apolitique économique 610 $aéconomie 610 $adouane 610 $afinances 610 $aeurope 615 4$aEconomics 615 4$aHistory 615 4$adouane 615 4$aéconomie 615 4$aeurope 615 4$afinances 615 4$afraude 615 4$arelations internationales 615 4$apolitique économique 615 4$asociété 615 4$alégislation 700 $aBin$b Fabrice$01288253 701 $aBlary-Clément$b Édith$01164874 701 $aBraun-Lemaire$b Isabelle$01288254 701 $aBru$b Thérèse$01288255 701 $aChatriot$b Alain$01248079 701 $aClaré$b Thomas$01288256 701 $aConchon$b Anne$01238235 701 $aDenjean$b Claude$0738033 701 $ade Fontaine$b Sophie$01288257 701 $aDupont$b Alexandre$01285210 701 $aGrosbois$b Thierry$01119230 701 $aGuiot$b Flore$01288258 701 $aLembré$b Stéphane$01245797 701 $aMelón Jiménez$b Miguel Ángel$01288259 701 $aMontenach$b Anne$0888089 701 $aMorel$b Marjorie$01288260 701 $aPiernas$b Gersende$01288261 701 $aRolland-Boulestreau$b Anne$01288262 701 $aSubi$b Anthony$01288263 701 $aTouchelay$b Béatrice$01240723 701 $aTouchelay$b Marie-Christine$01288264 701 $aTouchelay$b Béatrice$01240723 801 0$bFR-FrMaCLE 906 $aBOOK 912 $a9910416502303321 996 $aFraudes, frontières et territoires (XIIIe-XXIe siècle)$93020730 997 $aUNINA LEADER 02880nas 2200517 n 450 001 990009023810403321 005 20240229084245.0 011 $a0556-2821 035 $a000902381 035 $aFED01000902381 035 $a(Aleph)000902381FED01 035 $a000902381 091 $2CNR$aP 00013399 100 $a20090724b19702003km-y0itaa50------ba 101 0 $aeng 102 $aUS 110 $aauu-------- 200 1 $aPhysical review. D: Particles and fields 207 1$a1970-2003 210 $aLancaster$cAmerican Physical Society 326 $aBimensile 440 0$1001000902380$12001$aPhysical review. D, Particles, fields, gravitation, and cosmology 443 0$1001000902363$12001$aPhysical review 452 0$1001000902379$12001$aPhysical review. D, Particles and fields (Online) 517 0 $aPhysical review D 530 0 $aPhysical review. D: Particles and fields 675 $a539.12 675 $a530.19 676 $a539.7/05 712 02$aAmerican Physical Society 801 0$aIT$bACNP$c20090723 859 4 $uhttp://acnp.cib.unibo.it/cgi-ser/start/it/cnr/dc-p1.tcl?catno=6153&person=false&language=ITALIANO&libr=&libr_th=unina1$zBiblioteche che possiedono il periodico 901 $aSE 912 $a990009023810403321 958 $aBiblioteca "Carlo Miranda" del Dipartimento di Matematica e Applicazioni "Renato Caccioppoli" Università Federico II$b1970-1976;$ePER. ESTINTO 14$fMA1 958 $aBiblioteca "Roberto Stroffolini" - Dipartimento di Scienze Fisiche dell'Università Federico II$b1970-2003.$c1994;2002;$fFI1 958 $aBiblioteca Interdipartimentale di Ingegneria Elettrica, Elettronica e delle Telecomunicazioni, Informatica e Sistemistica. Università degli studi di Napoli "Federico II"$b1970-1975;$c1974;$eCorridoio$fDINEL 959 $aMA1 959 $aFI1 959 $aDINEL 996 $aPhysical review$9789530 997 $aUNINA AP1 8 $6866-01$aNA014 Biblioteca "Carlo Miranda" del Dipartimento di Matematica e Applicazioni "Renato Caccioppoli" Università Federico II$bPER. ESTINTO 14$ev. Cintia-Monte Sant'Angelo, 80126 Napoli (NA)$m081-675749/675738/675848$m081-675746 opp.7662106$nit AP1 8 $6866-02$aNA079 Biblioteca "Roberto Stroffolini" - Dipartimento di Scienze Fisiche dell'Università Federico II$eVia Cintia-Monte S. Angelo, 80126 Napoli (NA)$m081.676253;676756;676443$m081.676434$nit AP1 8 $6866-03$aNA106 Biblioteca Interdipartimentale di Ingegneria Elettrica, Elettronica e delle Telecomunicazioni, Informatica e Sistemistica. Università degli studi di Napoli "Federico II"$bCorridoio$eVia Claudio,21, 80125 Napoli (NA)$m081/7683242-3533$m0817683242$nit AP2 40$aacnp.cib.unibo.it$nACNP Italian Union Catalogue of Serials$uhttp://acnp.cib.unibo.it/cgi-ser/start/it/cnr/df-p.tcl?catno=6153&language=ITALIANO&libr=&person=&B=1&libr_th=unina&proposto=NO